000 00487nam a2200157Ia 4500
003 GCL
008 140319s9999 xx 000 0 ara d
040 _aGCL /
_cGCL
082 0 4 _aط
_b927
_bب ص
100 1 _aبهجت محمد عثمان
245 1 0 _aصداقة بلا حدود /
_cبهجت محمد عثمان
490 _aالهيئة العامة للاستعلامات
_v0
650 0 4 _aالفنانون - تراجم
650 0 4 _aبهجت محمد عثمان
942 _2ddc
_cBK
999 _c51324
_d51324